The institutional view of European property investment (Record no. 104934)

MARC details
000 -LEADER
fixed length control field 01471cam a2200181 4500
001 - CONTROL NUMBER
control field ##L131968
008 - FIXED-LENGTH DATA ELEMENTS--GENERAL INFORMATION
fixed length control field 051219n1996 000 0 eng u
035 ## - SYSTEM CONTROL NUMBER
System control number (Sirsi) u131968
041 0# - LANGUAGE CODE
Language code of text/sound track or separate title eng
100 1# - MAIN ENTRY--PERSONAL NAME
Personal name Elliot, Colin
100 1# - MAIN ENTRY--PERSONAL NAME
Personal name Halliday, Roy
245 04 - TITLE STATEMENT
Title The institutional view of European property investment
260 ## - PUBLICATION, DISTRIBUTION, ETC.
Place of publication, distribution, etc. London
Name of publisher, distributor, etc. RICS
Date of publication, distribution, etc. 1996
520 ## - SUMMARY, ETC.
Summary, etc. European integration was generally viewed as facilitating greater cross-border property investment. The need for increasing diversification of property investment, thus reducing risk, could be progressed through greater European property investment by UK Institutions. This process could in turn assist in reversing the trend over the last 15 years of an ever reducing proportion of new investment into the property sector. What has occurred in practice has been significantly different. Empirical research supported by statistical returns have demonstrated that there has been limited Institutional Investment by UK Institutions to date. Furthermore the prevailing attitude of decision-makers indicates that a low appetite for European property is likely to remain. The paper analyses the returns of 37 major UK investing institutions and concludes with a resume of the major factors accounting for this disinterest and suggests what barriers to greater property investment in Europe exist.
520 ## - SUMMARY, ETC.
Summary, etc. This item is no longer available.
690 ## - LOCAL SUBJECT ADDED ENTRY--TOPICAL TERM (OCLC, RLIN)
Topical term or geographic name as entry element PROPERTY-INVESTMENT PROPERTY
942 ## - ADDED ENTRY ELEMENTS (KOHA)
Suppress in OPAC 0
Holdings
Withdrawn status Lost status Source of classification or shelving scheme Damaged status Not for loan Home library Current library Shelving location Date acquired Total Checkouts Full call number Barcode Date last seen Copy number Price effective from Koha item type
    Dewey Decimal Classification     Virtual Virtual Online 20/12/2005   ONLINE PUBLICATION 131968-2001 06/08/2019 1 06/08/2019 Book